Global analysis : studies and applications
Αποθηκεύτηκε σε:
| Άλλοι συγγραφείς: | , |
|---|---|
| Μορφή: | Βιβλίο |
| Γλώσσα: | English |
| Δημοσίευση: |
Berlin :
Springer Verlag,
c1984-1992.
|
| Σειρά: | Lecture notes in mathematics (Springer-Verlag)
; 1108 ; 1214 ; 1334 ; 1453 ; 1520 |
| Θέματα: | |
| Ετικέτες: |
Προσθήκη ετικέτας
Δεν υπάρχουν, Καταχωρήστε ετικέτα πρώτοι!
|
MARC
| LEADER | 00000cam a2200000 i 4500 | ||
|---|---|---|---|
| 001 | 1/29707 | ||
| 008 | 941103s19841992gw | ||| |||| ||eng|| | ||
| 020 | |a 3540534075 | ||
| 020 | |a 3540500197 | ||
| 020 | |a 3540168214 | ||
| 020 | |a 3540139109 | ||
| 020 | |a 3540555838 | ||
| 035 | |a 1993 |l 10038385 | ||
| 035 | |a 1995 | ||
| 040 | |a GR-MyUA |b gre |e AACR2 | ||
| 041 | 0 | |a eng | |
| 082 | 0 | |a 514.74 | |
| 245 | 1 | 0 | |a Global analysis : |b studies and applications / |c edited by Yu. G. Borisovich and Yu. E. Gliklikh. |
| 246 | 3 | 3 | |a Global analysis - studies and applications I |
| 246 | 3 | 3 | |a Global analysis - studies and applications II |
| 246 | 3 | 3 | |a Global analysis - studies and applications III |
| 246 | 3 | 3 | |a Global analysis - studies and applications IV |
| 246 | 3 | 3 | |a Global analysis - studies and applications V |
| 260 | |a Berlin : |b Springer Verlag, |c c1984-1992. | ||
| 300 | |a 5 τ. ; |c 25 εκ. | ||
| 490 | 1 | |a (Lecture notes in mathematics (Springer-Verlag) |v ; 1108 |v ; 1214 |v ; 1334 |v ; 1453 |v ; 1520) | |
| 500 | |a Vols. 2, 5 are collections of articles originally written and published in Russian. | ||
| 504 | |a Περιέχει βιβλιογραφικές αναφορές. | ||
| 650 | 0 | 0 | |a Global analysis (Mathematics) |x Applications. |
| 700 | 1 | |a Borisovich, IU. G. |q (IUrii Grigorevich) |e edt | |
| 700 | 1 | |a Gliklikh, IU. E. |e edt | |
| 830 | 0 | |a Lecture notes in mathematics (Springer-Verlag) |v ; 1108 |v ; 1214 |v ; 1334 |v ; 1453 |v ; 1520 | |
| 852 | |a INST |b SAMOS |e 19941103 |h 514.74 GLO |p 005300006904 |q 005300006904 |t BK |y 0 |z v.3 | ||
| 852 | |a INST |b SAMOS |e 19941103 |h 514.74 GLO |p 005300006944 |q 005300006944 |t BK |y 0 |z v.1 | ||
| 852 | |a INST |b SAMOS |e 19941103 |h 514.74 GLO |p 005300007938 |q 005300007938 |t BK |y 0 |z v.2 | ||
| 852 | |a INST |b SAMOS |e 19941103 |h 514.74 GLO |p 005300008232 |q 005300008232 |t BK |y 0 |z v.4 | ||
| 852 | |a INST |b SAMOS |e 19980526 |h 514.74 GLO |p 005300011382 |q 005300011382 |t BK |y 0 |z v.5 | ||
| 852 | |a INST |b SAMOS |e 19941103 |h 514.74 GLO |p 005300006904 |q 005300006904 |t BK |v v.3: |y 0 |z v.3 | ||
| 852 | |a INST |b SAMOS |e 19941103 |h 514.74 GLO |p 005300006944 |q 005300006944 |t BK |v v.1: |y 0 |z v.1 | ||
| 852 | |a INST |b SAMOS |e 19941103 |h 514.74 GLO |p 005300007938 |q 005300007938 |t BK |v v.2: |y 0 |z v.2 | ||
| 852 | |a INST |b SAMOS |e 19941103 |h 514.74 GLO |p 005300008232 |q 005300008232 |t BK |v v.4: |y 0 |z v.4 | ||
| 852 | |a INST |b SAMOS |e 19980526 |h 514.74 GLO |p 005300011382 |q 005300011382 |t BK |v v.5: |y 0 |z v.5 | ||
| 853 | |a INST |b SAMOS |h 514.74 GLO | ||
| 909 | |a Σ |b 029302 | ||
| 909 | |a Σ |b 029177 | ||
| 909 | |a Σ |b 029084 | ||
| 909 | |a Σ |b 028972 | ||
| 909 | |a Σ |b 039387 | ||